<?xml version="1.0" encoding="UTF-8"?>
<record
    xmlns:xsi="http://www.w3.org/2001/XMLSchema-instance"
    xsi:schemaLocation="http://www.loc.gov/MARC21/slim http://www.loc.gov/standards/marcxml/schema/MARC21slim.xsd"
    xmlns="http://www.loc.gov/MARC21/slim">

  <leader>00778nam a2200205 i 4500</leader>
  <controlfield tag="001">62081</controlfield>
  <controlfield tag="003">ES-MaACL</controlfield>
  <controlfield tag="005">20251105063132.0</controlfield>
  <controlfield tag="007">t|</controlfield>
  <controlfield tag="008">031117s1926    fr           ||||1| fre d</controlfield>
  <datafield tag="100" ind1="1" ind2=" ">
    <subfield code="a">Faura i Sans, M., </subfield>
    <subfield code="d">1883-1941</subfield>
    <subfield code="9">48954</subfield>
  </datafield>
  <datafield tag="245" ind1="1" ind2="3">
    <subfield code="a">La carte g&#xE9;ologique de la Catalogne / </subfield>
    <subfield code="c">Mariano Faura y Sans.</subfield>
  </datafield>
  <datafield tag="260" ind1=" " ind2=" ">
    <subfield code="a">Liege : </subfield>
    <subfield code="b">[s.n., </subfield>
    <subfield code="c">1926] (</subfield>
    <subfield code="f">Imp. Vaillant-Carmanne)</subfield>
  </datafield>
  <datafield tag="300" ind1=" " ind2=" ">
    <subfield code="a">4 h. : </subfield>
    <subfield code="b">plan. ; </subfield>
    <subfield code="c">27 cm.</subfield>
  </datafield>
  <datafield tag="500" ind1=" " ind2=" ">
    <subfield code="a">Es tirada aparte del Compte Rendu du XIIIe Congr&#xE8;s g&#xE9;ologique international 1922, p&#xE1;gs. 1533-1538.</subfield>
  </datafield>
  <datafield tag="500" ind1=" " ind2=" ">
    <subfield code="a">Precede al tit.: Congr&#xE8;s G&#xF6;logique International.</subfield>
  </datafield>
  <datafield tag="711" ind1="2" ind2=" ">
    <subfield code="a">Congr&#xE8;s G&#xE9;ologique International (</subfield>
    <subfield code="n">13. </subfield>
    <subfield code="d">1922. </subfield>
    <subfield code="c">Bruxelles)</subfield>
    <subfield code="9">237</subfield>
  </datafield>
  <datafield tag="852" ind1=" " ind2=" ">
    <subfield code="a">ES-MaACL</subfield>
    <subfield code="j">1709-F-15</subfield>
  </datafield>
  <datafield tag="999" ind1=" " ind2=" ">
    <subfield code="c">62081</subfield>
    <subfield code="d">62081</subfield>
  </datafield>
  <datafield tag="952" ind1=" " ind2=" ">
    <subfield code="0">0</subfield>
    <subfield code="1">0</subfield>
    <subfield code="4">0</subfield>
    <subfield code="7">0</subfield>
    <subfield code="8">Colecci&#xF3;n_de_folletos</subfield>
    <subfield code="a">ATENEOM</subfield>
    <subfield code="b">ATENEOM</subfield>
    <subfield code="c">DEPOF</subfield>
    <subfield code="d">2008-01-17</subfield>
    <subfield code="e">SC</subfield>
    <subfield code="l">0</subfield>
    <subfield code="o">1709-F-15</subfield>
    <subfield code="p">1065087</subfield>
    <subfield code="r">2023-02-23 00:00:00</subfield>
    <subfield code="w">2023-02-23</subfield>
    <subfield code="y">FOLLETOS</subfield>
  </datafield>
</record>
